=LDR 00000nam 2200000 4500 =001 NUTBA000000000000520 =005 20140325121703.0 =006 =007 =008 =035 ##$$a 0010-031400000000519 =082 ##$$a301.35 =100 ##$$aBERATHA =245 ##$$aDESA MASY.DESA DAN PEMBANGUNAN DESA =260 ##$$a JAKARTA $b GHALIA INDONESIA =300 ##$$a 159 HLM =440 ##$$aDESA MASY.DESA DAN PEMBANGUNAN DESA =700 ##$$a BERATHA =850 ##$$aNBPNMAT